BIBLIOTECA

SENCICO

Ingeniería de pavimentos (Registro nro. 1218)

Detalles MARC
000 -LEADER
fixed length control field 00693nam a2200265Ia 4500
003 - CONTROL NUMBER IDENTIFIER
control field OSt
005 - DATE AND TIME OF LATEST TRANSACTION
control field 20251020182503.0
008 - FIXED-LENGTH DATA ELEMENTS--GENERAL INFORMATION
fixed length control field 200515s9999 xx 000 0 und d
020 ## - INTERNATIONAL STANDARD BOOK NUMBER
International Standard Book Number 958-96027-5-4
040 ## - CATALOGING SOURCE
Transcribing agency DLC
082 ## - DEWEY DECIMAL CLASSIFICATION NUMBER
Classification number 625.77/E81/1997
110 ## - MAIN ENTRY--CORPORATE NAME
Corporate name or jurisdiction name as entry element Escuela Colombiana de Ingeniería
245 #0 - TITLE STATEMENT
Title Ingeniería de pavimentos
260 ## - PUBLICATION, DISTRIBUTION, ETC.
Place of publication, distribution, etc. Santafé de Bogotá, D.C.
260 ## - PUBLICATION, DISTRIBUTION, ETC.
Name of publisher, distributor, etc. Escuela Colombiana de Ingeniería
260 ## - PUBLICATION, DISTRIBUTION, ETC.
Date of publication, distribution, etc. 1997
300 ## - PHYSICAL DESCRIPTION
Extent 884 p.
300 ## - PHYSICAL DESCRIPTION
Other physical details il., tbl., graf.
490 ## - SERIES STATEMENT
Series statement XI SIMPOSIO COLOMBIANO SOBRE INGENIERÍA DE PAVIMENTOS
500 ## - GENERAL NOTE
General note 1 ejemplar
650 ## - SUBJECT ADDED ENTRY--TOPICAL TERM
Topical term or geographic name entry element CARRETERAS
650 ## - SUBJECT ADDED ENTRY--TOPICAL TERM
Topical term or geographic name entry element PAVIMENTOS
942 ## - ADDED ENTRY ELEMENTS (KOHA)
Koha item type Libros
Source of classification or shelving scheme Dewey Decimal Classification
Existencias
Fecha de la última vez que lo usaron Pago total Signatura topográfica completa Código de barras Precio efectivo desde Tipo de documento Estado perdido Estado dañado No es para préstamo Retirado Ubicación permanente Ubicación actual Fecha de adquisición
15/05/2020   625.77/E81/1997 Bib-Lima15051218 15/05/2020 Libros         Biblioteca Central Lima Biblioteca Central Lima 15/05/2020